Systémová tvorba v dizajne nábytku

Gespeichert in:
Bibliographische Detailangaben
1. Verfasser: Chovan, Miroslav (Verfasst von)
Weitere Verfasser: Schneider, Štefan, 1948- (Betreuung Doktorarbeit)
Format: Buch
Veröffentlicht: Bratislava : STU v Bratislave FA, 2001
Schlagworte:
Tags: Tag hinzufügen
Keine Tags, Fügen Sie das erste Tag hinzu!

MARC

LEADER 00000nam a22000003a 4500
001 stu78195
005 20150617225641.8
008 021128s2001----------------------------d
040 |a STU  |b slo 
041 0
100 1 |a Chovan, Miroslav  |4 aut 
245 1 |a Systémová tvorba v dizajne nábytku 
260 |a Bratislava :  |b STU v Bratislave FA,  |c 2001 
300 |a 97 s 
650 7 |a design  |2 estusub 
700 1 |a Schneider, Štefan,  |d 1948-  |4 ths  |u A0980  |U FA Dekanát  |T FA Externí pracovníci  |X 61603  |U A0980  |Y 552  |7 A000061603 
996 |b 284AB00335  |c A*90 V  |l AAKNST  |s P  |a 0  |w stu78195_0001